| 000 | 00761cam a2200289 a 4500 | ||
|---|---|---|---|
| 001 | 22562 | ||
| 003 | SK-KTurca | ||
| 005 | 20260401103718.0 | ||
| 008 | 121123s2012 xo d 000 f slo d | ||
| 020 | _a9788055131597 (viaz.) | ||
| 035 | _aa000467869 | ||
| 040 |
_aTTKJF _cUKB _dPPPK _dSVKBB _eAACR2 |
||
| 041 | 0 | _aslo | |
| 044 |
_axo _cSK |
||
| 072 | 7 |
_a821.162.4-3 _xSlovenská próza _2konspekt |
|
| 080 |
_a821.162.4-31 _22001 |
||
| 080 |
_a(0:82-31) _22001 |
||
| 100 | 1 |
_aFulmeková, Denisa, _d1967- |
|
| 245 | 1 | 0 |
_aMaterská _cDenisa Fulmeková |
| 250 | _a1. vyd. | ||
| 260 |
_aBratislava _bIkar _c2012 |
||
| 300 | _a188, [1] s. | ||
| 653 | _a821.162.4-31 | ||
| 653 | _a(0:82-31) | ||
| 655 | 7 |
_aslovenské romány _2UKBPH |
|
| 942 |
_2ddc _cKLDO _n0 |
||
| 999 |
_c22562 _d22562 |
||